[Event "BL2-Nord 9899"]
[Site "Germany"]
[Date "1999.02.28"]
[Round "6.1"]
[White "Nunn, John DM"]
[Black "Bangiev, Alexander J"]
[Result "1-0"]
[WhiteElo "2600"]
[BlackElo "2395"]
[Annotator "Bangiev,A"]
[PlyCount "111"]
[EventDate "1998.10.18"]
[EventType "team-tourn"]
[EventRounds "9"]
[EventCountry "GER"]
[SourceTitle "GER-chT2"]
[Source "ChessBase"]
[SourceDate "1999.07.01"]
[SourceVersion "1"]
[SourceVersionDate "1999.07.01"]
[SourceQuality "1"]
[WhiteTeam "Luebeck"]
[BlackTeam "Isernhagen"]
[WhiteTeamCountry "GER"]
[BlackTeamCountry "GER"]

1. e4 c5 2. Nf3 Nc6 3. d4 cxd4 4. Nxd4 g6 5. c4 Bg7 6. Be3 Nf6 7. Nc3 d6 8. Be2
O-O 9. O-O Bd7 10. Qd2 Nxd4 11. Bxd4 Bc6 12. f3 Nd7 13. Be3 a5 14. b3 Nc5 15.
Rab1 Qb6 16. Rfc1 Rfc8 17. Rc2 Qd8 18. a3 Qf8 19. b4 (19. Bf1 $5) 19... axb4
20. axb4 Na4 (20... Ne6 $5) 21. Nd1 Qd8 22. Nf2 Nb6 23. Bd4 $1 {[%mdl 32]} Bxd4
24. Qxd4 {[%cal Yd4g7,Yf2g4,Yg4h6,Yg4f6] /\Ng4} Bb5 (24... Be8 25. c5 dxc5 26.
Qxd8 Rxd8 27. bxc5 $16) 25. Rbc1 Be8 (25... e5 26. Qd2 Ba4 27. Ra2 $14) 26. e5
$5 (26. Ng4 f6 {[%cal Ye8f7,Yf7c4]}) 26... dxe5 27. Qxe5 Nd7 (27... Qc7 $5) 28.
Qb2 b6 $2 (28... Qc7 $1 {[%cal Yc7f4]} 29. Re1 Nf6 30. Bd3 Qd8 31. Rce2 e6 $14)
29. f4 $1 {[%cal Ye2f3,Yf4e5]} Qc7 30. Bf3 Ra4 31. Nd3 Qa7 32. h3 Nb8 33. b5 $1
Rd8 (33... Nd7 $5) 34. Nb4 Qc7 35. Nd5 Qc5+ 36. Kh2 Nd7 37. Rd2 Rc8 38. Re1 e6
39. Ne3 Qb4 $6 (39... Qc7 40. g3 h5 $5) 40. Qd4 (40. Qxb4 $1) 40... Qc5 (40...
Ra2 $2 41. Rxa2 Qxe1 42. Ng4) (40... Qa5 $6 41. Ng4 Raxc4 42. Nh6+ Kf8 43. Qh8+
Ke7 44. Ng8+ $40) 41. Qb2 Qb4 (41... Qa3 42. Qc2 $5) 42. Qxb4 Rxb4 43. Rd6 $16
Kf8 44. Bc6 Nf6 45. Bxe8 Kxe8 46. Rxb6 Nh5 (46... Ne4 47. Ra1 $18) 47. f5 $1
Nf4 48. fxe6 Nxe6 49. Rb7 Rb3 (49... h5 50. Nd5 $1) (49... Kf8 50. Rf1 Nd8 51.
Rd7 Ke8 52. Ra7 $18) 50. Nd5 Kf8 51. Nb6 Rc7 52. Rxc7 Nxc7 53. Nd7+ Kg7 54. b6
Na6 (54... Ne6 55. Rxe6 fxe6 56. c5 $18) 55. Re5 Rd3 56. Rd5 1-0

[Event "Moscow"]
[Site "Moscow"]
[Date "1981.04.??"]
[Round "1"]
[White "Gheorghiu, Florin"]
[Black "Smejkal, Jan"]
[Result "1/2-1/2"]
[WhiteElo "2545"]
[BlackElo "2535"]
[Annotator "Belov,I"]
[PlyCount "54"]
[EventDate "1981.04.08"]
[EventType "tourn"]
[EventRounds "13"]
[EventCountry "URS"]
[EventCategory "15"]
[SourceTitle "MCL"]
[Source "ChessBase"]
[SourceDate "1999.07.01"]
[SourceVersion "1"]
[SourceVersionDate "1999.07.01"]
[SourceQuality "1"]

1. Nf3 Nf6 2. c4 g6 3. Nc3 Bg7 4. e4 c5 5. d4 cxd4 6. Nxd4 Nc6 7. Be3 O-O 8.
Be2 d6 9. O-O Bd7 10. Qd2 (10. f4 $5 Nxd4 11. Bxd4 Bc6 12. Bf3 a6 13. Rc1 Rc8 (
13... e5 $5) 14. b4 b5 15. Nd5 $14 {Kapetanovic,A-Delibasic,G/YUG/1992/}) 10...
Nxd4 11. Bxd4 Bc6 12. f3 Nd7 13. Be3 $5 (13. b4 Bxd4+ 14. Qxd4 Qb6 $10) 13...
a5 14. b3 Nc5 15. Rac1 (15. Rab1 $142 Qb6 16. Rfc1 Rfc8 17. Rc2 Qd8 18. a3 $14
{Dimitrov,V-Abramovic,B/Prilep/1992/1:0 (37) Inf 56/185/}) 15... b6 (15... Qb6
16. Rb1 Rfc8 17. Nb5 $14 {/\ a3/}) 16. Rfd1 Ra7 $5 17. Rb1 Qa8 18. a3 Rb8 19.
b4 (19. Nb5 $6 Bxb5 (19... Rd7 20. Nd4 Bb7 $14) 20. cxb5 a4 $1 $15) (19. Rdc1
$5) 19... axb4 20. axb4 Na4 $10 21. Nxa4 (21. Nd5 $2 Bxd5 22. cxd5 Nc3 $19)
21... Rxa4 22. Bd4 Ra2 23. Rb2 (23. Qe3 Bxd4 24. Rxd4 Ra1 $10) 23... Bxd4+ 24.
Qxd4 Rxb2 25. Qxb2 b5 26. cxb5 Bxb5 27. Bxb5 Rxb5 1/2-1/2

[Event "Smederevska Palanka"]
[Site "Smederevska Palanka"]
[Date "1982.??.??"]
[Round "3"]
[White "Matulovic, Milan"]
[Black "Jansa, Vlastimil"]
[Result "1/2-1/2"]
[WhiteElo "2460"]
[BlackElo "2495"]
[Annotator "Belov,I"]
[PlyCount "82"]
[EventDate "1982.06.??"]
[EventType "tourn"]
[EventRounds "13"]
[EventCountry "YUG"]
[EventCategory "9"]
[SourceTitle "MCL"]
[Source "ChessBase"]
[SourceDate "1999.07.01"]
[SourceVersion "1"]
[SourceVersionDate "1999.07.01"]
[SourceQuality "1"]

1. e4 c5 2. Nf3 d6 3. d4 cxd4 4. Nxd4 Nc6 5. c4 Nf6 6. Nc3 g6 7. Be2 Bg7 8. Be3
O-O 9. Qd2 Bd7 10. O-O a5 (10... Nxd4 $142 11. Bxd4 Bc6 $14) 11. Ndb5 (11. f3
a4 12. Rab1 $1 Qa5 13. Rfd1 Rfc8 14. Ndb5 Be8 15. Bf1 Ne5 16. b3 $14 {
Cvetkovic,S-Mestel,J/JUG/1982/1:0/41/}) 11... a4 12. f3 (12. f4 $1 Qa5 13. c5
$1 dxc5 14. Bxc5 $16 {Timman,J-Larsen,B/Las Palmas izt/1982/1/2-1/2/63/}) 12...
Qa5 13. Rfc1 (13. Rac1 Rfc8 14. Rfd1 Ne5 15. Na3 Be6 $10 {Greenfeld,A-Miles,A/
Lusern ol/1982/}) (13. Rfd1 $142 Rac8 14. Rab1 $14) 13... Rfc8 14. Qd1 (14.
Rab1 $5) 14... Ne5 15. b3 Bxb5 $1 16. Nxb5 Nc6 17. Rab1 $14 axb3 18. axb3 Nd7
19. f4 (19. Kh1 $5 {/\20.b4/}) 19... Nf6 20. Bf3 h5 21. h3 Qb4 22. Kh1 Bh6 23.
g4 (23. Bd2 Qc5 24. b4 Qf2 $5) (23. Qe2 $5) 23... hxg4 24. hxg4 Bg7 25. g5 Ne8
(25... Nd7 26. e5 $16) 26. Rc2 (26. Bg4 $5 Rd8 27. Rc2) 26... Ra6 $1 27. Bg4 (
27. Bd2 Qc5 28. b4 Qb6 $13) 27... Rca8 28. Bd7 (28. Qe2 $5) 28... Ra1 $1 29.
Rcc1 Rxb1 30. Rxb1 Qa5 $14 31. Bd2 Qb6 32. Kg2 $5 Ra2 (32... Nd4 $2 33. Be3 $18
) 33. Kf3 (33. Bxe8 $2 Qe3 $19) 33... Qd8 34. Bxe8 $6 (34. Bg4 $14) 34... Qxe8
35. Nc3 Nd4+ 36. Kg3 Ra8 37. Be3 Nc6 (37... Nf5+ $6 38. exf5 Bxc3 39. fxg6 fxg6
40. Qd5+ $16) 38. Nd5 Ra2 39. b4 Ra3 $1 40. Rb3 Ra1 41. Rb1 (41. Qd3 Qd7 42. b5
$2 Rh1 $19) (41. Qg4 $5 $14) 41... Ra3 1/2-1/2

[Event "ISL-FRA"]
[Site "Reykjavik"]
[Date "1993.??.??"]
[Round "8"]
[White "Renet, Olivier"]
[Black "Hardarson, Robert"]
[Result "1-0"]
[WhiteElo "2535"]
[BlackElo "2335"]
[Annotator "Blatny,P"]
[PlyCount "71"]
[EventDate "1993.??.??"]
[EventType "schev"]
[EventRounds "10"]
[EventCountry "ISL"]
[SourceTitle "CBM 035"]
[Source "ChessBase"]
[SourceDate "1993.08.01"]
[SourceVersion "1"]
[SourceVersionDate "1993.08.01"]
[SourceQuality "1"]

1. c4 c5 2. Nf3 Nf6 3. Nc3 g6 4. d4 cxd4 5. Nxd4 Bg7 6. e4 O-O 7. Be2 Nc6 8.
Be3 b6 9. O-O Bb7 10. Rc1 Rc8 11. b3 d6 12. Nxc6 Bxc6 13. f3 Qd7 14. Qd2 Rfe8
15. Rfd1 Qb7 16. Bf1 Nd7 17. Nd5 Nc5 18. Qf2 Bd7 19. Qh4 Be6 20. Bg5 f6 21. Be3
Bf7 22. Rc2 g5 23. Qf2 Bg6 24. Rcd2 h6 25. Bd4 Rcd8 26. Ne3 Qd7 27. Ba1 h5 28.
b4 Ne6 29. Nf5 Bf8 30. c5 bxc5 31. bxc5 Ng7 (31... Nxc5 32. Qxc5 dxc5 33. Rxd7
Rxd7 34. Rxd7 $18) 32. Ne3 Qc6 33. cxd6 Rxd6 34. Rxd6 exd6 {><d5,Pd6} 35. Nd5
Be7 36. Bxf6 1-0

[Event "Aruba m2"]
[Site "Aruba"]
[Date "1991.??.??"]
[Round "3"]
[White "Polgar, Sofia"]
[Black "Sosonko, Gennadi"]
[Result "1-0"]
[WhiteElo "2425"]
[BlackElo "2520"]
[Annotator "Blatny,P"]
[PlyCount "39"]
[EventDate "1991.03.??"]
[EventType "match"]
[EventRounds "6"]
[EventCountry "NAU"]
[SourceTitle "CBM 023"]
[Source "ChessBase"]
[SourceDate "1991.08.01"]
[SourceVersion "1"]
[SourceVersionDate "1991.08.01"]
[SourceQuality "1"]

1. e4 c5 2. Nf3 Nc6 3. d4 cxd4 4. Nxd4 g6 5. c4 Bg7 6. Be3 Nf6 7. Nc3 O-O 8.
Be2 b6 9. Qd2 Bb7 10. f3 Rc8 11. O-O Nh5 12. Nc2 d6 13. Rab1 Qd7 14. Rfd1 f5
15. exf5 gxf5 16. Bh6 Ne5 17. b3 f4 18. Bxg7 Kxg7 19. Qd4 Kg8 $4 (19... Qf5 20.
Bd3 Qg5 $13) (19... Nf6 $5) 20. Qxe5 1-0

[Event "Dortmund-B"]
[Site "Dortmund"]
[Date "1991.??.??"]
[Round "4"]
[White "Lutz, Christopher"]
[Black "Vokac, Marek"]
[Result "1-0"]
[WhiteElo "2500"]
[BlackElo "2455"]
[Annotator "Blatny,P"]
[PlyCount "101"]
[EventDate "1991.03.23"]
[EventType "tourn"]
[EventRounds "9"]
[EventCountry "GER"]
[EventCategory "10"]
[SourceTitle "CBM 023"]
[Source "ChessBase"]
[SourceDate "1991.08.01"]
[SourceVersion "1"]
[SourceVersionDate "1991.08.01"]
[SourceQuality "1"]

1. d4 g6 2. c4 Bg7 3. Nf3 c5 4. e4 cxd4 5. Nxd4 Nc6 6. Be3 Nf6 7. Nc3 d6 8. Be2
O-O 9. O-O Bd7 10. Nc2 (10. Rc1 {--> Cavallo-Kristensen CBM_23}) 10... Qa5 11.
f3 Rfc8 12. Qd2 Be8 13. Rac1 a6 14. Rfd1 Rab8 15. Nd4 Nd7 16. Nb3 Qd8 17. Nd5 {
[+]} a5 {><b5} 18. Kh1 a4 19. Na1 b6 20. Rb1 Nc5 21. Nc2 Be5 22. Bg5 Rb7 23.
Bh4 Bg7 24. b4 $1 axb3 25. axb3 Ra8 26. Nce3 Ne6 27. f4 Rba7 28. Qe1 f6 29. b4
Ra2 30. Bg4 Bf7 31. e5 $1 dxe5 $5 32. Nxf6+ exf6 33. Rxd8+ Rxd8 34. b5 Ncd4 35.
fxe5 Nf4 36. exf6 Bf8 37. Rd1 Bc5 38. Bg3 g5 39. Bxf4 gxf4 40. Nf5 Re8 41. Qh4
Bg6 42. Qh6 $18 Bf8 43. Qxf4 Nxf5 44. Bxf5 Bf7 45. h3 Ra7 46. Qg5+ Kh8 47. Bxh7
$1 Kxh7 48. Rd4 Re4 49. Rxe4 Ra1+ 50. Kh2 Bd6+ 51. g3 1-0

[Event "Groningen"]
[Site "Groningen"]
[Date "1992.??.??"]
[Round "5"]
[White "Miles, Anthony John"]
[Black "Piket, Jeroen"]
[Result "1-0"]
[WhiteElo "2595"]
[BlackElo "2625"]
[Annotator "Blatny,P"]
[PlyCount "79"]
[EventDate "1992.12.??"]
[EventType "tourn"]
[EventRounds "9"]
[EventCountry "NED"]
[EventCategory "14"]
[SourceTitle "CBM 034"]
[Source "ChessBase"]
[SourceDate "1993.06.01"]
[SourceVersion "1"]
[SourceVersionDate "1993.06.01"]
[SourceQuality "1"]

1. d4 Nf6 2. Nf3 g6 3. c4 Bg7 4. Nc3 O-O 5. e4 d6 6. Be2 c5 7. O-O cxd4 8. Nxd4
Nc6 9. Be3 Bd7 10. Nc2 (10. Rc1 {--> Cavallo-Kristensen CB23}) (10. Qd2 Nxd4
11. Bxd4 Bc6 12. f3 a5 13. b3 Nd7 14. Be3 Nc5 15. Rab1 Qb6 16. Rfc1 Qb4 17. Rc2
Rfc8 18. Qc1 Qb6 19. a3 Qd8 20. Qd2 (20. b4 axb4 21. axb4 Na4 22. Nd1 $14 {
Dimitrov-Moldovan, St.Zagora 1990}) 20... e6 21. Bf1 Be5 $13 {Gelfand-Anand,
Manila izt 1990}) 10... Rc8 (10... Qa5 11. f4 (11. f3 Rfc8 12. Qd2 Be8 13. Rac1
a6 14. Rfd1 Rab8 15. Nd4 Nd7 16. Nb3 Qd8 17. Nd5 {[+] Lutz-Vokac, Dortmund 1991
}) 11... Rac8 12. Rb1 a6 13. b4 $36 {Short-Andersson, Wijk 1990}) 11. f3 Be6 (
11... a6 $5) 12. Qd2 Nd7 13. Rac1 (13. Rab1) 13... Qa5 14. b4 Nxb4 (14... Qd8
15. Nd5 $16) 15. Nd5 Bxd5 16. exd5 Nxc2 $8 17. Qxa5 Nxe3 18. Rfe1 Nc5 19. Kh1
Bh6 (19... e5 20. dxe6 fxe6 $13) 20. g3 {/\f4} e5 21. dxe6 fxe6 22. f4 e5 23.
Bf3 exf4 24. gxf4 Rce8 (24... Bxf4 $2 25. Rxe3 Bxe3 26. Bd5+ Kg7 27. Qc3+ $18)
25. Rc3 Nf5 26. Bd5+ Kh8 27. Rf3 Bg7 28. Qd2 {/\29.Rff1 30.Re8 Re8 31.Re1 +-}
Rb8 29. Rf2 b5 30. cxb5 Rxb5 31. Rfe2 Rb2 (31... Rbb8 $142) 32. Qa5 Rxe2 (32...
Rbb8 33. Qxa7 {/\34.Qb8 Rb8 35.Re8 +-}) 33. Rxe2 a6 34. Qc7 $18 Nd3 35. Bf7 Bd4
36. Re8 Rxe8 37. Bxe8 Ne3 38. h3 Nf5 39. Qf7 Nf2+ 40. Kh2 1-0

[Event "Buenos Aires Najdorf"]
[Site "Buenos Aires"]
[Date "1991.??.??"]
[Round "5"]
[White "Dolmatov, Sergey"]
[Black "Cifuentes Parada, Roberto"]
[Result "0-1"]
[WhiteElo "2620"]
[BlackElo "2510"]
[Annotator "Blatny,P"]
[PlyCount "86"]
[EventDate "1991.04.??"]
[EventType "tourn"]
[EventRounds "13"]
[EventCountry "ARG"]
[EventCategory "11"]
[SourceTitle "CBM 024"]
[Source "ChessBase"]
[SourceDate "1991.10.01"]
[SourceVersion "1"]
[SourceVersionDate "1991.10.01"]
[SourceQuality "1"]

1. e4 c5 2. Nf3 Nc6 3. d4 cxd4 4. Nxd4 g6 5. c4 Bg7 6. Be3 Nf6 (6... Nh6 7. Be2
d6 8. Qd2 Ng4 9. Bxg4 Bxg4 10. Nc3 O-O 11. O-O Qa5 12. f4 Nxd4 13. Bxd4 e5 14.
fxe5 dxe5 15. Be3 $14 {Petrosian}) 7. Nc3 (7. f3 $2 Qb6 8. Nf5 Qxb2 9. Nxg7+
Kf8 $17) 7... O-O 8. Be2 (8. h3 d6 9. Be2 Bd7 10. O-O a6 11. Qd2 b5 $13) 8...
d6 (8... a5 $6 9. O-O a4 10. c5 d5 11. cxd6 Qxd6 12. Ndb5 $14 {Nunn}) 9. Qd2 (
9. O-O Nxd4 (9... Nd7 10. Rb1 Nc5 11. Qd2 (11. b4 Ne6 12. Nxe6 fxe6 {d5}) 11...
Nxd4 12. Bxd4 a5 13. b3 Bxd4 14. Qxd4 b6 15. Rfe1 Bb7 16. Rbd1 f6 17. Bg4 $14 {
Anand-Fernandez, Novi Sad (ol) 1990}) 10. Bxd4 Be6 11. Rc1 Qa5 12. Kh1 Rfc8 13.
b3 a6 14. a4 $16) 9... Nxd4 10. Bxd4 Be6 11. Rc1 Qa5 12. f3 Rfc8 13. b3 a6 14.
Be3 (14. a4 $5) 14... b5 15. Nd5 Qxd2+ 16. Kxd2 Nxd5 17. exd5 Bd7 18. Bd3 b4
19. Ke2 a5 20. Rc2 h5 21. Bc1 (21. Rhc1 $142 {/\ c5=}) 21... Rc7 22. Bb2 $6 {
ץd3:Bd7 _|_} a4 23. Bxg7 axb3 24. axb3 Kxg7 25. Ke3 Ra3 $17 26. Rb1 Kf6 27.
Kd4 e5+ 28. dxe6 fxe6 29. f4 Rc5 30. h4 Bc6 31. Rd2 Be8 32. Re2 Bf7 33. g3 Rca5
34. Be4 Rc5 35. Bg2 Rca5 36. Bc6 e5+ 37. fxe5+ dxe5+ 38. Ke4 Be6 39. Rbb2 Bf5+
40. Ke3 Ra1 41. Ba4 (41. Be4 $5 $17) 41... Rc1 42. Red2 Rc3+ 43. Ke2 e4 {
/\ Rxg3,Bg4+ -+} 0-1

[Event "Rubinstein Memorial 32nd"]
[Site "Polanica Zdroj"]
[Date "1995.??.??"]
[Round "6"]
[White "Wojtkiewicz, Aleksander"]
[Black "De Firmian, Nick E"]
[Result "1-0"]
[WhiteElo "2570"]
[BlackElo "2605"]
[Annotator "Boensch,U"]
[PlyCount "121"]
[EventDate "1995.08.??"]
[EventType "tourn"]
[EventRounds "11"]
[EventCountry "POL"]
[EventCategory "14"]
[SourceTitle "CBM 049"]
[Source "ChessBase"]
[SourceDate "1995.12.01"]
[SourceVersion "1"]
[SourceVersionDate "1995.12.01"]
[SourceQuality "1"]

1. Nf3 c5 2. c4 Nc6 3. d4 cxd4 4. Nxd4 g6 5. e4 Bg7 6. Be3 Nf6 7. Nc3 O-O 8.
Be2 d6 9. O-O Bd7 10. Qd2 (10. f3 Nxd4 11. Bxd4 Bc6 12. b4 Nh5 13. Bxg7 Nxg7
14. Rb1 a5 15. b5 Bd7 16. f4 $14 {Chiburdanidze,M-Ivkov,B Monaco
Veterans-Women (05) 1994 1/2 18}) 10... Nxd4 11. Bxd4 Bc6 12. f3 (12. Bd3 a5
13. Rfe1 Nd7 14. Bxg7 Kxg7 15. Re3 h6 16. b3 Qb6 17. Nd5 Qd4 18. Rd1 e5 19. Nc3
Nf6 20. Bc2 Qxd2 21. Rxd2 Rfd8 $10 {Sorokin,M-Spangenberg,H Buenos Aires
ARG-WORLD (3) 1/2 35}) 12... Nd7 (12... b6 13. b3 Nd7 14. Be3 Nc5 15. Rab1 a5
16. Rfc1 Qd7 17. Bf1 Rfb8 18. Qf2 Bxc3 $2 19. Rxc3 Bxe4 $2 20. fxe4 Nxe4 21.
Qe1 Nxc3 22. Qxc3 $16 {Banas,I-Schmidt,S Viernheim (05) 1992 1-0 71}) (12... a5
13. Rfe1 $6 {Der R gehört nach c1 oder d1.} (13. b3 Nd7 14. Bf2 Nc5 15. Rab1
Qc7 16. Rfc1 Rfc8 17. Bd1 Qd8 18. a3 b6 19. b4 axb4 20. axb4 Nd7 21. Bb3 $14 {
Renet,O-Spangenberg,H Buenos Aires ARG-WORLD (04) 1994 1-0 33}) (13. Rac1 Nd7
14. Be3 Nc5 15. Rc2 a4 16. Rb1 Qa5 17. Bf1 Rfc8 18. Kh1 Qb4 19. Qc1 Ne6 20. Qd2
Nc5 21. Rbc1 Qa5 22. Qf2 Qd8 23. Rb1 Qa5 24. Bd2 Qa7 {1/2 Barlov,D-Petronic,J
JUG-ch Novi Sad 1995 - CBM 49}) 13... Nd7 14. Be3 a4 15. Bf1 Qa5 16. Rab1 Rfc8
$15 {Hernandez,Rom-Zarnicki,P San Martin (08) 1994 1/2 44}) 13. Be3 Nc5 14.
Rab1 a5 15. b3 b6 (15... Qb6 16. Rfc1 Rfc8 17. Bf1 (17. Rc2 Qd8 18. Bf1 (18. a3
h5 19. Bf1 Bd7 20. Nd5 e6 21. Nc3 Qe7 $14 {Ivanchuk,V-Larsen,B Roquebrune 30'
1992 1/2 45}) (18. Nd1 Qe8 19. Nf2 h5 20. Nd3 b6 21. Nf4 Kh7 22. Bf1 $14 {
Nenashev-Baimuratov Bishkek zt 1993}) 18... Be5 (18... b6 19. a3 Rcb8 20. b4
axb4 21. axb4 Ne6 22. Nd5 Nf8 23. Qf2 $14 {Vilela,JL-Estevez,G Santa Clara (01)
1991 1/2 57}) 19. a3 Qf8 (19... Be8 20. b4 axb4 21. axb4 Na4 22. Ne2 Nb6 {
1/2 Wojtkiewicz,A-Bischoff,K Altensteig (06) 1995 - CBM 49}) 20. Nd5 Bxd5 21.
exd5 $14 {Khalifman,A-Hracek,Z Pardubice (02) 1994 0-1 70}) 17... Qb4 18. Qb2
Qb6 19. Qf2 h5 20. Rc2 Qd8 21. Rd1 b6 $10 {Olafsson,H-Larsen,B Hastings 1990 1/
2 58}) 16. Rfd1 Qb8 $146 (16... Kh8 $6 17. a3 Rg8 (17... a4 18. b4 Nb3 19. Qd3
$16) (17... f5 $5) 18. Bd4 Qf8 19. b4 axb4 20. axb4 Nd7 21. Nd5 f5 22. Nc7 $16
{Drasko,M-Antic,D JUG-ch (05) 1991 1-0 33}) 17. Nd5 Re8 (17... Bxd5 18. exd5 {
/\ a3, b4 +/-} (18. cxd5 $2 b5 $10)) 18. a3 (18. Bg5 Qb7 19. Nxe7+ $2 Rxe7 20.
Bxe7 Qxe7 21. Qxd6 Qb7 $15) 18... Nd7 19. Bg5 Kf8 (19... Qd8 20. Nxe7+ $5 Rxe7
21. Bxe7 (21. Qxd6 $2 f6 22. Bxf6 Bxf6 23. Qxc6 Rc8 $17) 21... Qxe7 22. Qxd6
Qxd6 23. Rxd6 Rc8 24. Rbd1 Nc5 25. Rd8+ Rxd8 26. Rxd8+ Bf8 27. b4 axb4 28. axb4
Na4 $13 (28... Ne6 $2 29. Rb8 $18)) 20. Kh1 Ra7 21. Bf1 Rb7 22. Rdc1 Nc5 (22...
e6 23. Nc3 $16) 23. b4 axb4 24. axb4 Nd7 $2 (24... Ne6 25. Be3 $16 {[%csl Rb6]}
) 25. Bxe7+ $1 Rxe7 26. Nxe7 Kxe7 27. b5 Bxe4 28. Re1 $16 {Weiß steht
materiell auf Gewinn. Es gibt aber einige positionelle Faktoren, welche die
Verwertung erschweren. 1.sehr aktive schwarze Leichtfiguren 2. Schwarz
kontrolliert die entscheidenden schwarzen Felder und die wichtige /^ a1-h8 3.
Weiß fehlt ein Hebel 4. die weißen Figuren , besonders der B, stehen passiv.}
Nc5 29. Bd3 f5 30. g3 (30. fxe4 f4 $1 31. Bc2 Be5 $13) 30... Ra7 (30... Kd8 31.
fxe4 Re7 32. Bc2 (32. exf5 $2 Qb7+ $17) 32... fxe4 33. Qd5 $16) 31. fxe4 Qa8
32. Bc2 Ra2 (32... fxe4 33. Bxe4 $1 Nxe4 34. Qf4 $18) 33. Qg2 (33. Qd5 $5 Qxd5
(33... fxe4 34. Qxa8 Rxa8 35. Bxe4 $18) 34. exd5+ Kd7 35. Re2 $16) 33... Be5 (
33... Ne6 34. Rbd1 $16) 34. Re2 f4 35. gxf4 Bxf4 36. Rf1 Ra1 (36... g5 37. e5 (
37. Qh3 Qg8 38. Qc3 Be5 39. Qf3 Bf4 40. Bb1 $16) 37... Qxg2+ 38. Rxg2 dxe5 39.
Bxh7 $16) 37. Ref2 Rxf1+ 38. Rxf1 g5 39. e5 $1 {Endlich spielt der weiße B
wieder mit.} Qxg2+ 40. Kxg2 dxe5 41. Bxh7 Nb3 (41... e4 $2 42. Bxe4 Nxe4 43.
Re1 $18) 42. Bd3 Kd6 43. Rf3 Nc1 44. Bf1 e4 45. Rh3 Ke5 46. Rh6 $18 Be3 (46...
e3 47. Rxb6 (47. Kf3 $4 g4+ 48. Kxg4 Bxh6 $19) 47... e2 48. Bxe2 Nxe2 49. Rc6
Nd4 50. Rc8 $18) 47. Kg3 Nd3 (47... Nb3 48. Kg4 Nd2 49. Be2 Nb1 50. Rh8 Nc3 51.
Bf1 Nd1 52. Re8+ Kf6 53. Bg2 Nf2+ 54. Kg3 Kf7 55. Rc8 Ke7 56. c5 Kd7 57. Rf8
$18) 48. Bxd3 exd3 49. Kf3 Bc5 50. Rh5 $1 Kd4 (50... Kf6 51. Rh8 Ke7 52. Rg8
Kf6 (52... d2 53. Ke2 Be3 54. c5 Bxc5 55. Kxd2 $18)) 51. Rxg5 Kxc4 52. Ke4 (52.
Rxc5+ $2 bxc5 (52... Kxc5 53. Ke3 Kxb5 54. h4 Kc4 55. Kd2 (55. h5 Kc3 56. h6 d2
$17) 55... Kd4 56. h5 Ke5 $10) 53. b6 Kc3 54. b7 d2 $10) 52... Kxb5 (52... d2
53. Rd5 Kc3 54. Kf3 Kc2 55. Ke2 Bb4 56. h4 $18) 53. h4 Kc4 54. Rd5 b5 55. h5
Bf8 (55... b4 56. Rxc5+ Kxc5 57. Kxd3 $18) 56. Rxd3 b4 57. Rd8 Bg7 58. Rg8 Bf6
59. Rc8+ Kb3 60. h6 Kb2 61. Kd3 (61. Kd3 b3 62. h7 Ka2 63. Ra8+ Kb1 64. h8=Q
Bxh8 65. Rxh8 b2 66. Rh1+ Ka2 67. Kc2 $18) 1-0

[Event "Groningen"]
[Site "Groningen"]
[Date "1994.??.??"]
[Round "1"]
[White "Gulko, Boris F"]
[Black "Jussupow, Artur"]
[Result "1/2-1/2"]
[WhiteElo "2590"]
[BlackElo "2655"]
[Annotator "Boensch,U"]
[PlyCount "43"]
[EventDate "1994.12.??"]
[EventType "tourn"]
[EventRounds "11"]
[EventCountry "NED"]
[EventCategory "15"]
[SourceTitle "CBM 045"]
[Source "ChessBase"]
[SourceDate "1995.04.01"]
[SourceVersion "1"]
[SourceVersionDate "1995.04.01"]
[SourceQuality "1"]

1. c4 Nf6 2. Nc3 c5 3. Nf3 Nc6 4. d4 cxd4 5. Nxd4 g6 6. e4 Bg7 7. Be3 O-O 8.
Be2 b6 9. O-O Bb7 10. f3 (10. Qd2 $6 Nxd4 11. Bxd4 e5 $1 12. Bxe5 Nxe4 13. Nxe4
Bxe5 $10) (10. Nxc6 $5) 10... Nh5 (10... Rc8) (10... Qb8) (10... e6) (10... d6)
(10... Ne8) 11. Rc1 $2 (11. Re1 Nf4 12. Bf1 Ne6 13. Nce2 Rc8 14. Qd2 Qc7 15.
Rad1 Be5 16. Nxc6 dxc6 17. f4 Rcd8 18. Qc1 Bg7 19. Nc3 Rxd1 20. Rxd1 Rd8 21. e5
Rxd1 22. Qxd1 f6 $10 {Uhlmann,W-Polgar,Zsu Aruba Tumba (06) 1992 1/2 53}) (11.
Ndb5 $5 a6 12. Na3 Rb8 13. f4 Bxc3 14. bxc3 Nf6 15. e5 Ne4 16. Qe1 d6 $6 17.
Bf3 Na5 $2 (17... Nc5 $13) 18. f5 $1 $16 {Timman,J-Yusupov,A (10) Linares csf2
1992 1-0 30}) (11. Kh1 f5 12. exf5 gxf5 13. f4 Nxd4 14. Bxd4 Nf6 15. Bf3 Bxf3
16. Qxf3 Rf7 17. Rad1 Rc8 18. b3 Rc6 19. Be5 Qe8 20. Nb5 Ng4 $13 {Agnos,
D-Rogers,I London Loyds (07) 1991 1/2 50}) (11. Nxc6 $5 dxc6 (11... Bxc6 $5)
12. f4 Bxc3 13. bxc3 Qxd1 14. Rfxd1 c5 15. e5 Rfd8 16. a4 Kf8 17. Rxd8+ Rxd8
18. a5 $14 {Magem Badals,J-Apicella,M Moscow olm (14) ESP-FRA 1994 1/2 49})
11... Nf4 $1 12. Rf2 $2 (12. Nxc6 Nxe2+ 13. Qxe2 Bxc6 $10 (13... dxc6 14. c5
$14)) 12... Nxd4 13. Bxd4 Bh6 $1 $15 14. Rc2 Ne6 15. Bf1 Rc8 16. Nd5 Nxd4 17.
Qxd4 e5 $6 (17... d6 $142 $15) 18. Qd3 (18. Qxe5 $2 Bxd5 19. exd5 Re8 20. Qd6
Be3 $17) 18... Bxd5 19. cxd5 $10 Qg5 20. Rfe2 Rfd8 21. g3 Bf8 22. Bh3 1/2-1/2